| 000 | 00517nam a2200181 4500 | ||
|---|---|---|---|
| 001 | 125953 | ||
| 003 | ES-MaACL | ||
| 005 | 20250801063036.0 | ||
| 007 | t| | ||
| 008 | 070214s1918 fr r ||||1| fre d | ||
| 100 | 1 |
_aRégnier, Henri de, _d1864-1936 _995907 |
|
| 245 | 1 | 4 |
_aLes médailles d'argile _b: poèmes / _cHenri de Régnier. |
| 250 | _a17ème éd. | ||
| 260 |
_aParis : _bMercure de France, _c1918. |
||
| 300 |
_a252 p. ; _c19 x 12 cm. |
||
| 852 |
_aES-MaACL _jG-8530 |
||
| 999 |
_c125953 _d125953 |
||